LEADER 01152nam a2200253 i 4500 001 000000342805 003 CaOOAMICUS 005 20201102145818.0 008 201102s1958 it u001 u ita u 013 $a43533 040 $aSeMil$bita 100 1 $aJungmann, Josef Andreas .$0(OLS)http://semarc/name/89616 240 10$aDer gottesdienst der Kirche.$0(OLS)http://semarc/title/431694 245 13$aLa liturgia della Chiesa /$cGiuseppe Andrea Jungmann s.i. ; traduzione dal tedesco di Angelo R. Giampietro. 260 $aRoma :$bLa Civiltà Cattolica,$c1958. 300 $a309 p. ;$c17 cm. 650 4$aChiesa - Liturgia.$0(OLS)http://semarc/subject/9365 700 1 $aGiampietro, Angelo R.$0(OLS)http://semarc/name/112388 830 0$aManuali del pensiero cattolico. Vita cristiana ;$v41.$0(OLS)http://semarc/title/431695 850 $aSeMil 852 $aSeMil$W1$xVenegono$y1$m3K V 494$j222529$B234030$CSeMilBibl$Z2$F234030 $81 996 $6245$aLa liturgia della Chiesa$9(OLS)http://semarc/title/124868 996 $6260$aRoma :$bLa Civiltà Cattolica$9(OLS)http://semarc/publisher/29890 LEADER 01330nam a2200265 i 4500 001 000000103186 003 CaOOAMICUS 005 20010919000000.0 008 010919s1972 it u000 u ita u 013 $a75352 040 $aSeMil$bita 245 10$aDalla morte di Teodosio all'avvento di S. Gregorio Magno (395-590) /$cdi P. De Labriolle ... [et al.]. 260 $aTorino :$bS.A.I.E.,$c1972. 300 $a870 p., [24] p. di tav. 500 $aTitolo originale : De la mort de Théodose à l'avènement de Grégoire le Grand (395-590). - Contiene : In Appendici all'ed. italiana : Prospetto sinottico dei Papi e degli imperatori. 650 4$aChiesa - Storia - Alto Medioevo.$0(OLS)http://semarc/subject/6095 700 1 $aCapizzi, Carmelo,$c.$0(OLS)http://semarc/name/24425 700 1 $aLabriolle, Pierre Champagne : de,$c<1874-1940 >.$0(OLS)http://semarc/name/115092 773 0 $tStoria della Chiesa.$g4$w()137 850 $aSeMil 852 $aSeMil$W1$xVenegono$y1$mSL1.F VII 4$j59647$B59647$CSeMilBibl$Z2$F44137 $8I 900 1 $aLabriolle, Pierre-Henri-Marie Champagne : de. 996 $6245$aDalla morte di Teodosio all'avvento di S. Gregorio Magno (395-590)$9(OLS)http://semarc/title/149941 996 $6260$aTorino :$bS.A.I.E.$9(OLS)http://semarc/publisher/30038